000 01449cam a2200325 a 4500
001 14206754
003 NUST
005 20230119130802.0
008 051221s2006 flua b 001 0 eng
010 _a 2005056055
020 _a1574446126 (alk. paper)
020 _a9781574446128
035 _a(OCoLC)ocm62782264
040 _aDLC
_cDLC
_dBAKER
_dC#P
_dNLGGC
_dDLC
050 0 0 _aT57.6
_b.H385 2006
082 0 0 _a658.4/0340151
_222
084 _a658.40340,HAS
_2bcl
100 1 _aHastings, Kevin J.,
_d1955-
_9107086
245 1 0 _aIntroduction to the mathematics of operations research with Mathematica /
_cKevin J. Hastings.
250 _a2nd ed.
260 _aBoca Raton, FL :
_bChapman & Hall/CRC,
_c2006.
300 _axix, 567 p. :
_bill. ;
_c24 cm. +
_e1 CD-ROM (4 3/4 in.).
440 0 _aMonographs and textbooks in pure and applied mathematics
_997948
505 _aGraph theory and Networks Analysis (Page-1), linear Programming (Page-143), Further Topics in Linear Programming (Page-211), Markov Chains (Page-261), Continuous time Processes (Page-327), Dynamic Programming (Page-403).
630 0 0 _aMathematica (Computer file)
650 0 _aOperations research
_xMathematics.
_9107087
700 1 _aHastings, Kevin J.,
_d1955-
_tIntroduction to the mathematics of operations research.
_9107088
856 4 2 _3Publisher description
_uhttp://www.loc.gov/catdir/enhancements/fy0648/2005056055-d.html
942 _2ddc
_cBK
_k658.40340,HAS
999 _c592951
_d592951